[Event "IRI-ch U10"]
[Site "Chess.com INT"]
[Date "2021.01.16"]
[Round "3"]
[White "Aghasi, Foad"]
[Black "Ghovati, Amirhosein"]
[Result "1-0"]
[WhiteElo "1737"]
[BlackElo "1060"]
[PlyCount "65"]
[EventDate "2021.01.16"]
[EventType "swiss"]
[EventRounds "11"]
[EventCountry "IRI"]
[SourceTitle "EXT 2022"]
[Source "ChessBase"]
[SourceDate "2021.10.06"]
[SourceVersion "1"]
[SourceVersionDate "2021.10.06"]
[SourceQuality "1"]

1. d4 d5 2. Bf4 Nf6 3. e3 c5 4. c3 Nc6 5. Nf3 e6 6. Nbd2 b6 7. Bd3 Bd6 8. Bg3 0-0 9. Ne5 Bxe5 10. dxe5 Nd7 11. Nf3 Bb7 12. Qe2 c4 13. Bc2 Nc5 14. Nd4 Qd7 15. Qh5 h6 16. Bf4 f6 17. Qg6 Rf7 18. Qh7+ Kf8 19. exf6 Rxf6 20. Nxc6 Bxc6 21. Be5 Rf7 22. Bg6 Nd3+ 23. Bxd3 cxd3 24. Rd1 Bb5 25. Qh8+ Ke7 26. Qxa8 Rf8 27. Bb8 a6 28. Qa7 Qxa7 29. Bxa7 Kd6 30. Bxb6 Kc6 31. Ba5 Rf6 32. b3 Kc5 33. a4 1-0

[Event "IRI-ch U10"]
[Site "Chess.com INT"]
[Date "2021.01.16"]
[Round "5"]
[White "Aghasi, Foad"]
[Black "Khalouei Koupaei, Arya"]
[Result "1-0"]
[WhiteElo "1737"]
[BlackElo "1308"]
[PlyCount "101"]
[EventDate "2021.01.16"]
[EventType "swiss"]
[EventRounds "11"]
[EventCountry "IRI"]
[SourceTitle "EXT 2022"]
[Source "ChessBase"]
[SourceDate "2021.10.06"]
[SourceVersion "1"]
[SourceVersionDate "2021.10.06"]
[SourceQuality "1"]

1. d4 c6 2. Bf4 Qb6 3. b3 d5 4. e3 Nf6 5. Nf3 Bg4 6. Bd3 e6 7. Nbd2 Nbd7 8. c4 Be7 9. c5 Qd8 10. b4 a6 11. a4 Ne4 12. Nxe4 dxe4 13. Bxe4 Nf6 14. Bd3 Nd5 15. b5 Nxf4 16. exf4 Bxf3 17. Qxf3 Qxd4 18. Rd1 Qb4+ 19. Kf1 Qxc5 20. bxa6 bxa6 21. g3 0-0 22. Kg2 Rfd8 23. f5 exf5 24. Bxf5 g6 25. Bd7 Ra7 26. Bxc6 Rc7 27. Bd5 Rf8 28. h4 Qc3 29. Rd3 Qf6 30. Qe4 Bc5 31. Qe2 Re7 32. Qa2 Rb8 33. Rf3 Qg7 34. h5 Rbe8 35. hxg6 hxg6 36. Rxf7 Rxf7 37. Bxf7+ Qxf7 38. Rh8+ Kxh8 39. Qxf7 Rf8 40. Qxg6 Rxf2+ 41. Kh3 Be7 42. Qe8+ Bf8 43. Qh5+ Kg7 44. Qe5+ Kh7 45. Qe4+ Kg8 46. Qg6+ Kh8 47. Qxa6 Bg7 48. a5 Kh7 49. Qd3+ Kg8 50. Qd5+ Kh7 51. a6 1-0

[Event "IRI-ch U10"]
[Site "Chess.com INT"]
[Date "2021.01.16"]
[Round "11"]
[White "Aghasi, Foad"]
[Black "Salimiyan, Behzad"]
[Result "1/2-1/2"]
[WhiteElo "1737"]
[BlackElo "1503"]
[PlyCount "80"]
[EventDate "2021.01.16"]
[EventType "swiss"]
[EventRounds "11"]
[EventCountry "IRI"]
[SourceTitle "EXT 2022"]
[Source "ChessBase"]
[SourceDate "2021.10.06"]
[SourceVersion "1"]
[SourceVersionDate "2021.10.06"]
[SourceQuality "1"]

1. d4 Nf6 2. Bf4 e6 3. e3 d5 4. Nf3 c5 5. c3 Bd6 6. Ne5 0-0 7. Nd2 Nc6 8. Bd3 Bxe5 9. dxe5 Nd7 10. Qh5 g6 11. Qh6 Ndxe5 12. Be2 f6 13. Bxe5 Nxe5 14. f4 Nf7 15. Qh4 f5 16. Qxd8 Rxd8 17. Nf3 Bd7 18. h4 Bc6 19. h5 Kg7 20. Kf2 Re8 21. hxg6 hxg6 22. Rh4 Rh8 23. Rah1 Rxh4 24. Rxh4 Rh8 25. Rxh8 Kxh8 26. g4 fxg4 27. Ne5 Kg7 28. Nxg4 g5 29. Kg3 a6 30. fxg5 Nxg5 31. Kf4 Nf7 32. Ne5 Be8 33. Nxf7 Kxf7 34. Ke5 Ke7 35. Bg4 Bd7 36. b4 cxb4 37. cxb4 b5 38. a3 Bc8 39. Bh3 Bd7 40. Bg4 Bc8 1/2-1/2